000 01196nam a22002537a 4500
005 20240530110619.0
008 161205s2013 ua h f | 000 0 ara d
017 _a2013/19077
_bمصر . دار الكتب المصرية
020 _a9789771809968
040 _aEG-CaGPL
082 0 4 _221
_a962.071
_bق/ع م
100 0 _aعبد الواحد النبوي
245 1 0 _aمصر في قلب المعركة :
_bمن وثائق حرب اكتوبر في الارشيف المصري /
_cعبد الواحد النبوي ؛ تصدير محمد صابر عرب
260 _aالقاهرة :
_bدار الكتب والوثائق القومية ،
_c2013.
300 _a584 ص. :
_bصور ؛
_c30 سم.
490 0 _aدراسات وثائقية ؛
_v10
650 0 7 _2qrmak
_aالنزاع العربي الاسرائيلي
650 0 7 _2qrmak
_aالحروب العربية الاسرائيلية
650 0 7 _2qrmak
_aحرب اكتوبر 1973
651 0 7 _2qrmak
_aمصر
_xتاريخ
_yالعصر الحديث
_yانور السادات(1971-1981)
700 0 _aمحمد صابر عرب
_eمصدر
942 _2ddc
_cBK
999 _c63012
_d63012